Obec, práca s médiami a transparantnosť smerom k verejnosti

Bibliographic Details
Main Author: Paliková, Terézia, 1951-2004 (Author)
Format: Article
Language:Slovak
Subjects:

MARC

LEADER 00000nab a2200000 a 4500
001 vtls000730768
003 SK-MaSNL
005 20260302200413.0
008 180207c2000 xo 0 slo
015 |a SNBRB2000/09-23252 
035 |a CLN000082895 
040 |a SNKBUCL  |b slo  |c SNKBUCL  |e AACR2 
041 0 |a slo 
044 |a xo  |c SK 
080 |a 374.7(437.6):352.9  |2 UDC-MRF-SK2 
080 |a 352.9(437.6)  |2 UDC-MRF-SK2 
100 1 |a Paliková, Terézia,  |d 1951-2004  |4 aut  |9 13422 
245 1 0 |a Obec, práca s médiami a transparantnosť smerom k verejnosti  |c Terézia Paliková 
610 7 |a Nadácia vzdelávania samosprávy Slovenskej republiky  |2 snkbucl  |9 847734 
650 0 7 |a samospráva  |x vzdelávanie  |x programy  |2 snkbucl  |9 919266 
655 7 |a články z novín a časopisov  |2 snkbucl  |9 267496 
773 0 |t Obecné noviny  |g Roč. 10, č. 35 (2000), s. 11 
850 |a Slovenská národná knižnica v Martine 
852 |a SNK  |b KIS3GCP 
958 |a RBX 
999 |c 1456639  |d 1458569